000 00887nam a2200265Ia 4500
003 OSt
005 20220926030618.0
006 a|||||r|||| 00| 0
007 ta
008 220923b |||||||| |||| 00| 0 eng d
020 _a9780691169125
_c1883.83
037 _b1050843, 08/03/2017, Atlantic Publisher & Distributers
_cGeneral Book
040 _aRTL
_cRTL
_beng
041 _2eng
_aeng
082 _aX:991.73, J5
100 _aCARD David
245 0 _aMyth and measurement
_b The new economics of the minimum wagw
260 _aPrinceton
_bPrinceton University Press
_c1955
300 _axxviii,422p.
_ccm.
500 _aBibliography: 231-252p.
650 _aEconomics
700 _a KRUEGER Alan B
942 _hX:991.73, J5
_cGB
_2CC
999 _c650333
_d650333